[Event "GER-chT Federal Cup (Women)"]
[Site "Braunfels"]
[Date "2017.06.16"]
[Round "2.6"]
[White "Schulz, Theresa Charlotte"]
[Black "Holschuh, Luisa"]
[Result "1-0"]
[WhiteElo "1595"]
[BlackElo "1454"]
[PlyCount "49"]
[EventDate "2017.06.15"]
[EventType "team-swiss"]
[EventRounds "5"]
[EventCountry "GER"]
[SourceTitle "CBM 179 Extra"]
[Source "ChessBase"]
[SourceDate "2017.08.23"]
[SourceVersion "1"]
[SourceVersionDate "2017.08.23"]
[SourceQuality "1"]
[WhiteTeam "Thueringen (W)"]
[BlackTeam "Saarland (W)"]
[WhiteTeamCountry "GER"]
[BlackTeamCountry "GER"]

1. d4 b6 2. e4 e6 3. a3 Nf6 4. Nc3 Bb7 5. Bd3 d5 6. e5 Nfd7 7. f4 c5 8. Nf3 Nc6 9. Be3 Be7 10. 0-0 0-0 11. Kh1 cxd4 12. Nxd4 Nxd4 13. Bxd4 Bc5 14. Bxc5 Nxc5 15. Be2 a6 16. Qd4 f5 17. exf6 Rxf6 18. Bg4 Qd6 19. b4 Nd7 20. Ne4 Qe7 21. Nxf6+ gxf6 22. Rae1 f5 23. Bxf5 Nf8 24. Rf3 Kf7 25. Rg3 1-0

[Event "GER-ch U18 Girls"]
[Site "Willingen"]
[Date "2017.06.06"]
[Round "4"]
[White "Schulz, Theresa Charlotte"]
[Black "Simon, Tessa"]
[Result "1/2-1/2"]
[WhiteElo "1676"]
[BlackElo "1859"]
[PlyCount "92"]
[EventDate "2017.06.04"]
[EventType "swiss"]
[EventRounds "9"]
[EventCountry "GER"]
[SourceTitle "CBM 178 Extra"]
[Source "ChessBase"]
[SourceDate "2017.06.22"]
[SourceVersion "1"]
[SourceVersionDate "2017.06.22"]
[SourceQuality "1"]

1. e4 e5 2. Nf3 Nc6 3. d4 exd4 4. Bc4 Bc5 5. c3 d6 6. cxd4 Bb6 7. h3 Nf6 8. 0-0 0-0 9. Re1 Nxe4 10. Rxe4 d5 11. Bg5 f6 12. Bxf6 Rxf6 13. Bb3 Bf5 14. Re2 Ne7 15. Nc3 c6 16. Nh4 Qd7 17. Ne4 Rh6 18. Nf3 Ng6 19. Qd2 Bxh3 20. Qxh6 gxh6 21. Nf6+ Kf7 22. Nxd7 Bxd7 23. Bc2 Rd8 24. Rae1 Ba5 25. Rb1 Nf4 26. Re3 Ng6 27. b4 Bc7 28. Rbe1 Bf4 29. Bxg6+ hxg6 30. Re7+ Kg8 31. Ne5 Bxe5 32. R1xe5 a6 33. Re3 b6 34. Rf3 Bf5 35. Ra7 c5 36. bxc5 bxc5 37. dxc5 d4 38. Rxf5 gxf5 39. Kf1 Rc8 40. Rxa6 Rxc5 41. Rxh6 d3 42. Ke1 Rc1+ 43. Kd2 Rc2+ 44. Kxd3 Rxf2 45. Rh5 Rxg2 46. Rxf5 Rxa2 1/2-1/2

[Event "GER-ch U18 Girls"]
[Site "Willingen"]
[Date "2017.06.04"]
[Round "1"]
[White "Leser, Katrin"]
[Black "Schulz, Theresa Charlotte"]
[Result "1/2-1/2"]
[WhiteElo "1870"]
[BlackElo "1676"]
[PlyCount "83"]
[EventDate "2017.06.04"]
[EventType "swiss"]
[EventRounds "9"]
[EventCountry "GER"]
[SourceTitle "CBM 178 Extra"]
[Source "ChessBase"]
[SourceDate "2017.06.22"]
[SourceVersion "1"]
[SourceVersionDate "2017.06.22"]
[SourceQuality "1"]

1. e4 c5 2. Nf3 Nc6 3. d4 cxd4 4. Nxd4 Nf6 5. Nc3 g6 6. Be3 Bg7 7. f3 d6 8. Qd2 0-0 9. 0-0-0 Nxd4 10. Bxd4 Be6 11. Kb1 a6 12. g4 Qc7 13. h4 h5 14. gxh5 Nxh5 15. Bxg7 Kxg7 16. Nd5 Bxd5 17. exd5 Ng3 18. Rh3 Nxf1 19. Rxf1 Qc5 20. Rhh1 Rh8 21. h5 Rh6 22. hxg6 Rxg6 23. f4 Rh8 24. Rxh8 Kxh8 25. f5 Rg7 26. a3 Kg8 27. Qe1 f6 28. Qe4 Rg1 29. Rxg1+ Qxg1+ 30. Ka2 Qc5 31. b4 Qc7 32. Kb3 Kf8 33. a4 Ke8 34. b5 axb5 35. axb5 Qc5 36. c4 b6 37. Kc3 Qa3+ 38. Kd2 Qc5 39. Ke2 Kf7 40. Kf3 Qg1 41. Qg4 Qxg4+ 42. Kxg4 1/2-1/2

[Event "GER-chT Lands U20"]
[Site "Hannover"]
[Date "2016.10.03"]
[Round "5.7"]
[White "Schulz, Theresa Charlotte"]
[Black "Reitz, Theresa"]
[Result "1-0"]
[WhiteElo "1550"]
[BlackElo "1773"]
[PlyCount "79"]
[EventDate "2016.10.01"]
[EventType "team-swiss"]
[EventRounds "7"]
[EventCountry "GER"]
[SourceTitle "CBM 174 Extra"]
[Source "ChessBase"]
[SourceDate "2016.10.10"]
[SourceVersion "1"]
[SourceVersionDate "2016.10.10"]
[SourceQuality "1"]
[WhiteTeam "Thueringen"]
[BlackTeam "Rheinland Pfalz"]
[WhiteTeamCountry "GER"]
[BlackTeamCountry "GER"]

1. d4 Nf6 2. Bg5 g6 3. Bxf6 exf6 4. e4 Bg7 5. c3 0-0 6. Bd3 Re8 7. Ne2 b6 8. 0-0 Bb7 9. Ng3 d5 10. Re1 Nd7 11. Na3 c5 12. exd5 Rxe1+ 13. Qxe1 cxd4 14. c4 Nc5 15. Rd1 f5 16. Bc2 a6 17. b3 Rc8 18. Ne2 Qe7 19. Qf1 Nxb3 20. axb3 Qxa3 21. Nxd4 Qb2 22. Nxf5 Qxc2 23. Ne7+ Kf8 24. Nxc8 Bxc8 25. Qd3 Bf5 26. Qxc2 Bxc2 27. Re1 Bxb3 28. Rb1 Bxc4 29. Rxb6 Be5 30. h4 a5 31. Rc6 Bb3 32. d6 Be6 33. Rc5 Bxd6 34. Rxa5 Be7 35. g3 Kg7 36. Kg2 Bf6 37. Kf3 Bc3 38. Rc5 Bd4 39. Ra5 Kh6 40. g4 1-0

[Event "GER-ch U18 Girls"]
[Site "Willingen"]
[Date "2016.05.20"]
[Round "8"]
[White "Doepper, Anna Berenice"]
[Black "Schulz, Theresa Charlotte"]
[Result "0-1"]
[WhiteElo "1821"]
[BlackElo "1687"]
[PlyCount "54"]
[EventDate "2016.05.15"]
[EventType "swiss"]
[EventRounds "9"]
[EventCountry "GER"]
[SourceTitle "CBM 172 Extra"]
[Source "ChessBase"]
[SourceDate "2016.06.21"]
[SourceVersion "1"]
[SourceVersionDate "2016.06.21"]
[SourceQuality "1"]

1. a3 d5 2. e3 e6 3. d4 Bd6 4. c4 c6 5. Nf3 f5 6. Nc3 Nf6 7. cxd5 exd5 8. Be2 0-0 9. 0-0 Nbd7 10. Bd3 Ne4 11. b4 Nxc3 12. Qb3 Ne4 13. b5 Rb8 14. a4 Ndf6 15. Ba3 Bxa3 16. Qxa3 Qd6 17. Qxd6 Nxd6 18. Ne5 Bd7 19. bxc6 Bxc6 20. Rfb1 Nd7 21. Nxc6 bxc6 22. Rc1 Rfc8 23. Ba6 Rc7 24. g3 Rb2 25. Bd3 c5 26. Kf1 c4 27. Ra3 Rcb7 0-1

[Event "GER-ch U18 Girls"]
[Site "Willingen"]
[Date "2016.05.17"]
[Round "4"]
[White "Schumann, Rabea"]
[Black "Schulz, Theresa Charlotte"]
[Result "1/2-1/2"]
[WhiteElo "1878"]
[BlackElo "1687"]
[PlyCount "63"]
[EventDate "2016.05.15"]
[EventType "swiss"]
[EventRounds "9"]
[EventCountry "GER"]
[SourceTitle "CBM 172 Extra"]
[Source "ChessBase"]
[SourceDate "2016.06.21"]
[SourceVersion "1"]
[SourceVersionDate "2016.06.21"]
[SourceQuality "1"]

1. c4 f5 2. g3 Nf6 3. Bg2 e6 4. Nf3 d5 5. 0-0 Bd6 6. cxd5 exd5 7. e3 c6 8. Nc3 0-0 9. b3 Na6 10. d3 Qe8 11. Bb2 Qh5 12. Nd4 Qh6 13. e4 fxe4 14. dxe4 Ng4 15. h3 Bxg3 16. fxg3 Qe3+ 17. Kh1 Nf2+ 18. Rxf2 Rxf2 19. Qg1 Qxg3 20. Nd1 Rf7 21. exd5 Bxh3 22. dxc6 Bxg2+ 23. Qxg2 Qh4+ 24. Kg1 Qe1+ 25. Kh2 Rf6 26. Nf5 Rg6 27. Qd5+ Kh8 28. Bxg7+ Rxg7 29. Nxg7 Qe2+ 30. Kh1 Qf1+ 31. Kh2 Qe2+ 32. Kh1 1/2-1/2

[Event "GER-chT Federal Cup (Women)"]
[Site "Braunfels"]
[Date "2014.06.19"]
[Round "1.8"]
[White "Schulz, Theresa Charlotte"]
[Black "Lorenz, Oda"]
[Result "0-1"]
[WhiteElo "1527"]
[BlackElo "1719"]
[PlyCount "128"]
[EventDate "2014.06.19"]
[EventType "team-swiss"]
[EventRounds "5"]
[EventCountry "GER"]
[SourceTitle "EXT 2015"]
[Source "ChessBase"]
[SourceDate "2014.11.20"]
[SourceVersion "1"]
[SourceVersionDate "2014.11.20"]
[SourceQuality "1"]
[WhiteTeam "Thueringen (W)"]
[BlackTeam "Bayern (W)"]
[WhiteTeamCountry "GER"]
[BlackTeamCountry "GER"]

1. d4 Nf6 2. e3 g6 3. c4 c5 4. Nc3 cxd4 5. exd4 Bg7 6. Nf3 0-0 7. Bd3 d6 8. 0-0 Nc6 9. a3 Bg4 10. Be3 Rc8 11. h3 Bd7 12. b4 a6 13. d5 Nb8 14. Rc1 e6 15. Bf4 e5 16. Be3 Nh5 17. Qd2 f5 18. Bc2 Rxc4 19. Bb3 Rc8 20. Na4 Bxa4 21. Bxa4 f4 22. Rxc8 Qxc8 23. Bb6 e4 24. Ng5 Qf5 25. Ne6 Rc8 26. Bc7 Be5 27. Rc1 b5 28. Bxb8 Rxb8 29. Bb3 g5 30. Rc7 e3 31. Qe2 exf2+ 32. Kxf2 Ng3 33. Bc2 Nxe2 34. Bxf5 Nc3 35. Bxh7+ Kh8 36. Nxg5 Nxd5 37. Nf7+ Kxh7 38. Nxe5+ Nxc7 39. Nd3 Ne6 40. Kf3 Rc8 41. Nxf4 Rc3+ 42. Kg4 Nxf4 43. Kxf4 Rxa3 44. h4 Rb3 45. g4 Rxb4+ 46. Kf5 a5 47. h5 a4 48. g5 a3 49. Kf6 a2 50. g6+ Kg8 51. h6 a1Q+ 52. Ke7 Qe5+ 53. Kd7 Qf5+ 54. Kxd6 Qxg6+ 55. Kc5 Qe4 56. Kb6 Rc4 57. h7+ Kxh7 58. Ka5 b4 59. Kb5 Qd5+ 60. Ka4 b3+ 61. Ka3 b2 62. Ka2 b1Q+ 63. Ka3 Qb4+ 64. Ka2 Qda5# 0-1

[Event "GER-chT U14 Girls"]
[Site "Magdeburg"]
[Date "2013.12.27"]
[Round "2.3"]
[White "Schulz, Theresa Charlotte"]
[Black "Koenze, Heike"]
[Result "1-0"]
[WhiteElo "1283"]
[BlackElo "1471"]
[PlyCount "33"]
[EventDate "2013.12.27"]
[EventType "team-swiss"]
[EventRounds "4"]
[EventCountry "GER"]
[SourceTitle "EXT 2015"]
[Source "ChessBase"]
[SourceDate "2014.11.20"]
[SourceVersion "1"]
[SourceVersionDate "2014.11.20"]
[SourceQuality "1"]
[WhiteTeam "Erfurt Empor"]
[BlackTeam "Grimma"]
[WhiteTeamCountry "GER"]
[BlackTeamCountry "GER"]

1. e4 e6 2. d4 d5 3. exd5 exd5 4. Bd3 Be7 5. f4 Nf6 6. Nf3 Bg4 7. 0-0 c5 8. c3 Nc6 9. Qe1 0-0 10. Ne5 Nxe5 11. fxe5 Nd7 12. Qg3 f5 13. h3 Bh4 14. Qe3 Bg5 15. Qxg5 Qxg5 16. Bxg5 Bh5 17. Bxf5 1-0

[Event "GER-ch U12"]
[Site "Oberhof"]
[Date "2013.05.23"]
[Round "8"]
[White "Schulz, Theresa Charlotte"]
[Black "Ehmann, Johanna"]
[Result "0-1"]
[WhiteElo "1306"]
[BlackElo "1350"]
[PlyCount "62"]
[EventDate "2013.05.19"]
[EventType "swiss"]
[EventRounds "11"]
[EventCountry "GER"]
[SourceTitle "CBM 154 Extra"]
[Source "ChessBase"]
[SourceDate "2013.06.25"]
[SourceVersion "2"]
[SourceVersionDate "2013.06.25"]
[SourceQuality "1"]

1. e4 e5 2. Nf3 Nc6 3. Bc4 Bc5 4. d4 exd4 5. Ng5 Nh6 6. Qh5 Qf6 7. 0-0 Qg6 8. Ne6 fxe6 9. Qxc5 d6 10. Qa3 0-0 11. Qh3 Rf7 12. Re1 Bd7 13. f4 Kh8 14. Bd3 Qg4 15. Qxg4 Nxg4 16. h3 Nh6 17. g4 Rff8 18. g5 Nf7 19. h4 h5 20. gxh6 gxh6 21. b3 Rg8+ 22. Kh2 Rg7 23. Bb2 Rag8 24. Re2 Rg4 25. Re3 Rxh4+ 26. Rh3 Rxf4 27. Na3 e5 28. Bc4 Bxh3 29. Kxh3 Ng5+ 30. Kg3 Nxe4+ 31. Kh3 Nf2+ 0-1

[Event "GER-chT U14 Girls"]
[Site "Magdeburg"]
[Date "2012.12.28"]
[Round "3.4"]
[White "Hagenbeck Huebert, Lara"]
[Black "Schulz, Theresa Charlotte"]
[Result "1-0"]
[WhiteElo "1261"]
[BlackElo "964"]
[PlyCount "79"]
[EventDate "2012.12.27"]
[EventType "team-swiss"]
[EventRounds "7"]
[EventCountry "GER"]
[SourceTitle "EXT 2014"]
[Source "ChessBase"]
[SourceDate "2013.11.20"]
[SourceVersion "1"]
[SourceVersionDate "2013.11.20"]
[SourceQuality "1"]
[WhiteTeam "Grimma"]
[BlackTeam "Erfurt Empor"]
[WhiteTeamCountry "GER"]
[BlackTeamCountry "GER"]

1. e4 e5 2. Nf3 Nc6 3. Bc4 Bc5 4. Nc3 Nf6 5. d3 d6 6. Bg5 h6 7. Be3 Bb6 8. h3 Bd7 9. Qd2 0-0 10. 0-0-0 Bxe3 11. Qxe3 a6 12. g4 b5 13. Bb3 Na5 14. Rdg1 Nxb3+ 15. axb3 a5 16. g5 hxg5 17. Qxg5 Ne8 18. Qh6 Qf6 19. Qxf6 Nxf6 20. h4 Ng4 21. Rg2 a4 22. b4 a3 23. Kb1 Be6 24. Nxb5 a2+ 25. Ka1 Rfc8 26. h5 Nh6 27. Rhg1 Rab8 28. Rxg7+ Kf8 29. Na7 Re8 30. Nc6 Rb6 31. b5 Rxb5 32. Rh7 Ng8 33. h6 f6 34. Rgg7 Rc5 35. d4 Rxc6 36. d5 Rxc2 37. dxe6 Rxe6 38. Rh8 Rc1+ 39. Kxa2 Rg1 40. Rhxg8# 1-0